000
00351nam a2200133Ia 4500
008
100328s9999 xx 000 0 und d
082
_b
59660
100
_a
सावंत भालचंद्र
245
_a
अभिमान.
260
_b
साईमा.
630
_a
अभिमान.
730
_a
अभिमान.
942
_c
BOOK
999
_c
545865
_d
545862